Quality management in construction (Record no. 103929)

MARC details
000 -LEADER
fixed length control field 01342cam a2200313 4500
008 - FIXED-LENGTH DATA ELEMENTS--GENERAL INFORMATION
fixed length control field 050110n2004 000 0 eng u
020 ## - INTERNATIONAL STANDARD BOOK NUMBER
International Standard Book Number 056608614X
035 ## - SYSTEM CONTROL NUMBER
System control number (Sirsi) u128487
041 ## - LANGUAGE CODE
Language code of text/sound track or separate title eng
050 ## - LIBRARY OF CONGRESS CALL NUMBER
Classification number 690.3
-- 18
050 ## - LIBRARY OF CONGRESS CALL NUMBER
Classification number 690.0941
-- 22
100 ## - MAIN ENTRY--PERSONAL NAME
Personal name Thorpe, Brian
245 ## - TITLE STATEMENT
Title Quality management in construction
260 ## - PUBLICATION, DISTRIBUTION, ETC.
Place of publication, distribution, etc. Aldershot
Name of publisher, distributor, etc. Gower
Date of publication, distribution, etc. 2004
300 ## - PHYSICAL DESCRIPTION
Extent xvi, 216p.
Dimensions 26cm.
350 ## - PRICE (NR) (BK AM CF MU VM SE) [OBSOLETE]
Price 25
490 ## - SERIES STATEMENT
Series statement Gower Leading Construction Series
520 ## - SUMMARY, ETC.
Summary, etc. Provides up-to-date information and advice on the subject of quality management in theconstruction industry. Discusses: quality, teams andbusiness competition; ISO 9001: 2000; establishing a Quality Management System (QMS); the role of the quality manager; project management; the Construction (Design and Management) Regulations 1994; project quality plans; choosing support services; applying the QMS to project work; monitoring business/process effectiveness; recognition of the QMS; and computers and quality management.
590 ## - LOCAL NOTE (RLIN)
Local note NB
650 ## - SUBJECT ADDED ENTRY--TOPICAL TERM
Topical term or geographic name entry element ISO 9001: 2000
650 ## - SUBJECT ADDED ENTRY--TOPICAL TERM
Topical term or geographic name entry element CONSTRUCTION INDUSTRY
650 ## - SUBJECT ADDED ENTRY--TOPICAL TERM
Topical term or geographic name entry element QUALITY ASSURANCE
650 ## - SUBJECT ADDED ENTRY--TOPICAL TERM
Topical term or geographic name entry element QUALITY MANAGEMENT SYSTEMS
650 ## - SUBJECT ADDED ENTRY--TOPICAL TERM
Topical term or geographic name entry element CONSTRUCTION (DESIGN AND MANAGEMENT) REGULATIONS 1994
690 ## - LOCAL SUBJECT ADDED ENTRY--TOPICAL TERM (OCLC, RLIN)
Topical term or geographic name as entry element BUILT ENVIRONMENT
700 ## - ADDED ENTRY--PERSONAL NAME
Personal name Sumner, Peter
942 ## - ADDED ENTRY ELEMENTS (KOHA)
Suppress in OPAC 0
Holdings
Withdrawn status Lost status Source of classification or shelving scheme Damaged status Not for loan Home library Current library Shelving location Date acquired Cost, normal purchase price Total Checkouts Full call number Barcode Date last seen Date last checked out Copy number Cost, replacement price Price effective from Koha item type
    Dewey Decimal Classification     London London Basement 07/02/2005 25.00 17 BASEMENT 30067469 06/08/2019 29/05/2008 1 25.00 06/08/2019 Book